00518nam a22001697a 450000500170000001000150001702000270003203500140005903700130007308200170008610000150010324500450011826000780016327000480024130000240028970000350031320240202110724.0 aENG-138915 a9788195236503c3950.00 aEN-122447 bDBAD/PUB a954.4122022 aTaknet,D.K aPUNE A CITY OF MANY SHADES AND COLOURS / aJaipurbInternational Institute of Management and Enterpreneurship c2022 aC-79, Yash Path, Tilak Nagar, Jaipur-302004 a335 pg.c32cm (hbk) aNilosree Biswas and Irfan Nabi